Online
Catalog

Alto vuelo de gaviota / (Record no. 9656)

MARC details
000 -CABECERA
campo de control de longitud fija 00746nam a2200229 a 4500
001 - NÚMERO DE CONTROL
campo de control 000009897
003 - IDENTIFICADOR DEL NÚMERO DE CONTROL
campo de control OSt
005 - FECHA Y HORA DE LA ÚLTIMA TRANSACCIÓN
campo de control 20240412074213.0
008 - DATOS DE LONGITUD FIJA--INFORMACIÓN GENERAL
campo de control de longitud fija 091002s2002 dr a r 000 p spa d
040 ## - FUENTE DE LA CATALOGACIÓN
Centro catalogador/agencia de origen DO-SdBNP
Lengua de catalogación spa
Centro/agencia transcriptor BNPHU
082 #4 - NÚMERO DE LA CLASIFICACIÓN DECIMAL DEWEY
Número de clasificación RD861.44
Número de documento/Ítem C957a
Número de edición 22
100 1# - ENTRADA PRINCIPAL--NOMBRE DE PERSONA
Nombre de persona Cruz Miniño, Milagros Altagracia
9 (RLIN) 11818
245 10 - MENCIÓN DE TÍTULO
Título Alto vuelo de gaviota /
Mención de responsabilidad, etc. Milagros Altagracia Cruz Miniño.
260 ## - PUBLICACIÓN, DISTRIBUCIÓN, ETC.
Lugar de publicación, distribución, etc. Santo Domingo :
Nombre del editor, distribuidor, etc. Búho,
Fecha de publicación, distribución, etc. 2002.
300 ## - DESCRIPCIÓN FÍSICA
Extensión 92 p. :
Otras características físicas il. ;
Dimensiones 23 cm.
500 ## - NOTA GENERAL
Nota general Incluye datos biográficos del autor en la solapa de la cubierta.
590 ## - NOTA LOCAL (RLIN)
Nota local Inventariado, 2018/BT
650 #0 - PUNTO DE ACCESO ADICIONAL DE MATERIA--TÉRMINO DE MATERIA
Término de materia o nombre geográfico como elemento de entrada Poesía dominicana
9 (RLIN) 66
650 #0 - PUNTO DE ACCESO ADICIONAL DE MATERIA--TÉRMINO DE MATERIA
Término de materia o nombre geográfico como elemento de entrada Literatura dominicana.
9 (RLIN) 67
910 ## - DATOS DE OPCIÓN DEL USUARIO (OCLC)
Datos de opción del usuario Validado. Control de calidad. MMOLINA
942 ## - ELEMENTOS DE PUNTO DE ACCESO ADICIONAL (KOHA)
Fuente del sistema de clasificación o colocación Dewey Decimal Classification
Tipo de ítem Koha Libro
Holdings
Estado de retiro Estado de pérdida Fuente del sistema de clasificación o colocación Restricciones de uso No para préstamo Código de colección Localización permanente Ubicación/localización actual Ubicación en estantería Fecha de adquisición Total de préstamos Signatura topográfica completa Código de barras Fecha visto por última vez Número de copia Precio válido a partir de Tipo de ítem Koha Fuente de adquisición
    Dewey Decimal Classification Préstamo en sala   Dominicana de Servicio General Biblioteca Nacional Pedro Henríquez Ureña Depósito 30.10.2020   BNPHU DS RD861.44 C957a 2021-1376 30.10.2020 e.5 30.10.2020 Libro y Folleto Colección Dominicana de Servicio Domínico Americano
    Dewey Decimal Classification Préstamo en sala   Dominicana de Servicio Biblioteca Nacional Pedro Henríquez Ureña General Depósito 02.10.2009   BNPHU DS RD861.44 C957a 9897-30 25.06.2020 e.3 25.06.2020 Libro y Folleto Colección Dominicana de Servicio  
    Dewey Decimal Classification Préstamo en sala   Dominicana de Servicio Biblioteca Nacional Pedro Henríquez Ureña General Depósito 02.10.2009   BNPHU DS RD861.44 C957a 9897-40 25.06.2020 e.4 25.06.2020 Libro y Folleto Colección Dominicana de Servicio  
    Dewey Decimal Classification Excluido de préstamo Excluido de préstamo Patrimonio Dominicano Biblioteca Nacional Pedro Henríquez Ureña Patrimonio Dominicano Depósito 02.10.2009   BNPHU PD RD861.44 C957a 9897-10 25.06.2020   25.06.2020 Libro y Folleto Colección Patrimonio Dominicano  
    Dewey Decimal Classification Préstamo restringido Préstamo restrigido Patrimonio Dominicano Biblioteca Nacional Pedro Henríquez Ureña Patrimonio Dominicano Depósito 02.10.2009   BNPHU PD RD861.44 C957a 9897-20 25.06.2020 e.2 25.06.2020 Libro y Folleto Colección Patrimonio Dominicano  

Powered by Koha